| 000 | 01427nab a2200313 a 4500 | ||
|---|---|---|---|
| 001 | a166538 | ||
| 003 | INTEC | ||
| 005 | 20260317092750.0 | ||
| 006 | a|||||r|||| 00| 0 | ||
| 007 | ta | ||
| 008 | 171124e2017 dr |||p|rp|||||0| 0 spa d | ||
| 022 | _a 1991-5292 | ||
| 040 |
_aDO-SdINT _cDO-SdINT _dDO-SdBNP _erda |
||
| 041 | _aspa | ||
| 044 | _adr | ||
| 245 |
_aLa legítima defensa en el proyecto del Código Penal / _cDomingo Alcides Duverges Caraballo. |
||
| 264 |
_aSanto Domingo : _cene.-jun. 2017. |
||
| 300 | _apáginas. 102-5. | ||
| 310 | _aSemestral. | ||
| 336 |
_atexto _btxt _2rdacontent |
||
| 337 |
_asin mediación _bn _2rdamedia |
||
| 338 |
_avolumen _bnc _2rdacarrier |
||
| 362 | _aAño 7, Número. 13, enero-junio 2017. | ||
| 520 | _aAl encontrarnos inmersos en una reforma sustancial de nuestro Código penal, he querido resaltar que en la actual redacción del artículo que versa sobre las causas de presunción de legítima defensa, es necesario que sea incluida la figura jurídica del síndrome de la mujer maltratada como una causa de justificación de su actuación cuando le provoca la muerte a su agresor. | ||
| 650 | 0 |
_aCódigo penal _987542 _vPublicaciones periódicas _zRepública Dominicana |
|
| 650 | 0 |
_aDefensa (Procedimiento penal) _vPublicaciones periódicas _zRepública Dominicana _917063 |
|
| 773 | 0 |
_g7 (13) ; ene.-jun. 2017, p. 102-5 _tJusticia & razón _wu2030 |
|
| 942 |
_2ddc _cISSUE |
||
| 999 |
_c58819 _d58819 |
||